000 00439nam a22001697a 4500
005 20180312152300.0
008 160526b xxu||||| |||| 00| 0 eng d
020 _a0-07-078322-1
041 _aeng
082 _b5181
_a332.6
100 _aChandra, Prasanna
_91156
245 _aInvestment Analysis and Portfolio Management
260 _aNew Delhi
_bAcademic Faundation
_c2005
300 _a597
650 _aManagement
_9241
942 _cBK
999 _c1810
_d1809